ՀՀ Գիտությունների ազգային ակադեմիայի հիմնարար գիտական գրադարան  =   Fundamental Scientific Library of NAS RA

Терминология физики : (Record no. 257051)

MARC details
000 -LEADER
fixed length control field 01116nam a2200253 a 4500
001 - CONTROL NUMBER
control field 000693258
003 - CONTROL NUMBER IDENTIFIER
control field AM-YeHGA
005 - DATE AND TIME OF LATEST TRANSACTION
control field 20250617142411.0
008 - FIXED-LENGTH DATA ELEMENTS--GENERAL INFORMATION
fixed length control field 091027s1960 gs r 000 0 geo d
040 ## - CATALOGING SOURCE
Original cataloging agency AM-YeHGA
041 0# - LANGUAGE CODE
Language code of text/sound track or separate title geo
-- rus
090 ## - LOCALLY ASSIGNED LC-TYPE CALL NUMBER (OCLC); LOCAL CALL NUMBER (RLIN)
-- 258656
245 00 - TITLE STATEMENT
Title Терминология физики :
Remainder of title (Русско - грузинская часть) /
Statement of responsibility, etc. АН ГССР, Ин-т физики, Ин-т языкознания ; Под ред. А.И. Гачечиладзе, Р.Б. Гамбашидзе.
260 ## - PUBLICATION, DISTRIBUTION, ETC.
Place of publication, distribution, etc. Тбилиси :
Name of publisher, distributor, etc. Изд-во АН ГССР,
Date of publication, distribution, etc. 1960.
300 ## - PHYSICAL DESCRIPTION
Extent 140 с.
546 ## - LANGUAGE NOTE
Language note Заг. на груз. яз.
653 0# - INDEX TERM--UNCONTROLLED
Uncontrolled term Грузинский язык - Терминология
653 0# - INDEX TERM--UNCONTROLLED
Uncontrolled term Русский язык - Терминология
700 1# - ADDED ENTRY--PERSONAL NAME
Personal name Гачечиладзе, А.И.
Relator term ред.
Relationship edt
700 1# - ADDED ENTRY--PERSONAL NAME
Personal name Гамбашидзе, Рогнеда Бидзиновна
Relator term ред.
Relationship edt
710 2# - ADDED ENTRY--CORPORATE NAME
Corporate name or jurisdiction name as entry element Академия наук ГССР
710 2# - ADDED ENTRY--CORPORATE NAME
Corporate name or jurisdiction name as entry element Институт физики АН ГССР
710 2# - ADDED ENTRY--CORPORATE NAME
Corporate name or jurisdiction name as entry element Институт языкознания АН ГССР
Holdings
Withdrawn status Lost status Damaged status Not for loan Collection Home library Current library Date acquired Total checkouts Full call number Barcode Date last seen Price effective from Koha item type Public note
        General Fundamental Scientific Library Fundamental Scientific Library 29/12/2016   PII/553359 FL0133124 29/12/2016 29/12/2016 Գրքեր / Books 30 Days Loan


ՀՀ ԳԱԱ հիմնարար գիտական գրադարան
ՀՀ,Երևան 0019
Մարշալ Բաղրամյան 24/6
հեռախոս:(374-10) 52-47-50
Հետադարձ կապ

All site content, except where otherwise noted, is licensed under a
Creative Commons License